Statistics for Isolated Capitals Looking Southwestwards

Click here to take the quiz!

General Stats

  • This quiz has been taken 21 times
  • The average score is 13 of 20

Answer Stats

D (km)CAPITAL CITYCLOSEST CAPITAL% Correct
9,370 SantiagoPraia
93%
2,330 WellingtonVictoria
87%
2,458 LimaDili
80%
5,387 CanberraLima
80%
1,573 LuandaLilongwe
80%
4,241 Mexico CityParamaribo
73%
1,985 RabatHoniara
73%
1,534 WashingtonWellington
67%
3,332 JakartaPort Moresby
67%
6,065 WindhoekJakarta
60%
2,083 DiliNouakchott
60%
1,716 BeijingManila
60%
3,603 PraiaColombo
60%
2,231 MaleJakarta
60%
2,377 Port MoresbyCanberra
53%
1,612 CairoWindhoek
47%
1,566 AntananarivoNassau
47%
2,462 Port-VilaSantiago
40%
1,819 PalikirTaipei
40%
1,683 MelekeokKhartoum
40%

Score Distribution

Percentile by Number Answered

Percent of People with Each Score

Your Score History

You have not taken this quiz